Byzantium : the Imperial centuries, A.D. 610-1071 /

محفوظ في:

المؤلف الرئيسي: Jenkins, Romilly James Heald.

التنسيق: كتاب

اللغة: English

منشور في: [London] : Weidenfeld & Nicolson, [1966].

الموضوعات:

الوسوم: إضافة وسم

لا توجد وسوم, كن أول من يضع وسما على هذه التسجيلة!

رقم الطلب: DF553 .J51 1966

LEADER 00619nam a2200205u 4500
001 rdb04088857
003 OSt
005 20260108094516.0
008 770406s1966 enkb b 000 0 eng d
040 |c ARCE Library 
050 4 |a DF553 .J51 1966 
100 1 |a Jenkins, Romilly James Heald. 
245 1 0 |a Byzantium :  |b the Imperial centuries, A.D. 610-1071 /  |c [by] Romilly Jenkins. 
260 |a [London] :  |b Weidenfeld & Nicolson,  |c [1966]. 
300 |a xiii, 400 p. :  |b maps ;  |c 23 cm. 
504 |a Bibliography : p. 390-391. 
651 0 |a Byzantine Empire  |x History. 
901 |a reviewed 
942 |2 lcc  |c BK 
999 |c 55141  |d 55141